| 000 | 00723nam a22002057a 4500 | ||
|---|---|---|---|
| 005 | 20250807114309.0 | ||
| 010 | _aENG-146375 | ||
| 020 |
_a9789391772383 _c450.00 |
||
| 035 | _aEN-129907 | ||
| 037 | _bDBAD | ||
| 082 |
_a370.15 _21 |
||
| 100 |
_aSarartha, M. _983934 |
||
| 245 |
_aAdvanced Educational Psychology/ _cM. Sarartha [and] P.N. Lakshmi Shanmugam [and] Edited By Surender Kumar Sharma |
||
| 260 |
_aChennai _bForschung Publications _c2021 |
||
| 270 |
_aMogappair _bChennai _k9626166683 _mforchungpublications@gmail.com |
||
| 300 |
_a211p. _c22cm(pb) |
||
| 700 |
_aShanmugam, P.N. Lakshmi _eAuthor _979408 |
||
| 700 |
_aSharma, Surender Kumar _eEditor _983935 |
||
| 942 |
_2ddc _cEN _h370.15 _mMSA |
||
| 999 |
_c212931 _d212931 |
||